| 000 | 01313nam a2200313 i 4500 | ||
|---|---|---|---|
| 003 | EG-GICUC | ||
| 005 | 20260225235458.0 | ||
| 008 | 260225s1989 ua ||||fr|||| 00| 0 ara d | ||
| 040 |
_a EG-GICUC _bara _c EG-GICUC _d EG-GICUC _erda |
||
| 041 | _aara | ||
| 082 | 0 | 4 |
_221 _a341.851 _bع ب . م |
| 092 | 0 | 4 | _221 |
| 099 | _aLaw1 12 341.851 ع ب . م 1989 | ||
| 100 | 1 |
_aعبد الحليم الجندى _eمؤلف. |
|
| 245 |
_aمجمع تحكيم الشرق الأوسط و البحر المتوسط : _bمحاضرات القاهرة عن المشكلات الأساسية فى التحكيم الدولى من منظوى التطور / _cعبد الحليم الجندى . |
||
| 250 |
_aThe Mediterranean And Middle East Institute Of Arbitration : _bCairo Lectures On Major Problems In International Arbitration An Improvement Perspective . |
||
| 264 |
_aالقاهرة : _bفندق النيل هيلتون , _c1989. |
||
| 300 | _c24 سم | ||
| 336 |
_2rda content _atext |
||
| 337 |
_2rda media _aComputer |
||
| 338 |
_2rda carrier _aOnline Resource |
||
| 546 | _aالنص باللغة العربية | ||
| 650 | 1 | _aالتحكيم | |
| 650 | 1 | _a قانون دولي | |
| 651 | 1 | _2qrmak | |
| 856 | 4 | 0 | _uhttps://fll.law.cu.edu.eg/fulltext/bks/B12-01466.pdf |
| 905 | _a60 | ||
| 942 |
_2ddc _cBK _e21 _n0 |
||
| 999 |
_c64244 _d64244 |
||